000 00381nam a22001577a 4500
020 _a978-1-910916-24-7
082 _a823
_bCAR/A
100 _aCARBONE, COURTNEY
245 _aTHE ANGRY BIRDS
_bSHORT STORY
246 _aTHE ANGRY BORDS
_bSHORT STORY
260 _aBRITIAN
_bCENTUM BOOKS LTD
_c2016
300 _a144
520 _aSHORT STORY
650 _aSHORT STORY
942 _cBK
999 _c2057
_d2057